000 00787nam a2200253Ia 4500
003 OSt
005 20220925224621.0
006 a|||||r|||| 00| 0
007 ta
008 220923b |||||||| |||| 00| 0 eng d
037 _cGeneral Book
040 _aRTL
_cRTL
_beng
041 _2eng
_aeng
082 _aY33.654.N7, L4
100 _aLloyd P C
_9134079
245 0 _aPower and independence
_b Urban Africans perception
260 _aLondon
_bRoutledge and Kegan Paul
_c1974
300 _axiv,248p
_ccm.
490 _aInternational Library of Anthropology. Ed by Adam Kumar
500 _aBibliography: p 234-241; Appendix: p 228-233
650 _aUrban Sociology
_934088
942 _hY33.654.N7, L4
_cGB
_2CC
999 _c581839
_d581839